Анализ нормативных санитарно-защитных зон промышленных предприятий как фактора экологической безопасности города Томска; Природопользование и охрана природы: охрана памятников природы, биологического и ландшафтного разнообразия Томского Приобья и других регионов России

Xehetasun bibliografikoak
Parent link:Природопользование и охрана природы: охрана памятников природы, биологического и ландшафтного разнообразия Томского Приобья и других регионов России.— 2020.— [С. 336-339]
Egile nagusia: Пасечник Е. Ю. Елена Юрьевна
Erakunde egilea: Национальный исследовательский Томский политехнический университет Инженерная школа природных ресурсов Отделение геологии
Beste egile batzuk: Чилингер Л. Н. Лилия Наримановна, Бирулина А. Г. Анна Георгиевна
Gaia:Заглавие с экрана
Hizkuntza:errusiera
Argitaratua: 2020
Gaiak:
Sarrera elektronikoa:https://www.elibrary.ru/item.asp?pff=1&id=44345270
Formatua: MixedMaterials Baliabide elektronikoa Liburu kapitulua
KOHA link:https://koha.lib.tpu.ru/cgi-bin/koha/opac-detail.pl?biblionumber=666564

MARC

LEADER 00000naa0a2200000 4500
001 666564
005 20250818155617.0
035 |a (RuTPU)RU\TPU\network\37768 
035 |a RU\TPU\network\35283 
090 |a 666564 
100 |a 20220111d2020 k||y0rusy50 ca 
101 0 |a rus 
102 |a RU 
135 |a drnn ---uucaa 
181 0 |a i  
182 0 |a b 
200 1 |a Анализ нормативных санитарно-защитных зон промышленных предприятий как фактора экологической безопасности города Томска  |f Е. Ю. Пасечник, Л. Н. Чилингер, А. Г. Бирулина 
203 |a Текст  |c электронный 
300 |a Заглавие с экрана 
320 |a [Библиогр.: 6 назв.] 
463 |t Природопользование и охрана природы: охрана памятников природы, биологического и ландшафтного разнообразия Томского Приобья и других регионов России  |o материалы IX Всероссийской с международным участием научно-практической конференции, Томск, 21-23 апреля 2020 г.  |v [С. 336-339]  |d 2020 
610 1 |a электронный ресурс 
610 1 |a труды учёных ТПУ 
610 1 |a промышленные предприятия 
610 1 |a селитебные территории 
610 1 |a санитарно-защитные зоны 
610 1 |a экологическая безопасность 
700 1 |a Пасечник  |b Е. Ю.  |c гидрогеолог  |c доцент Томского политехнического университета, кандидат геолого-минералогических наук  |f 1983-  |g Елена Юрьевна  |3 (RuTPU)RU\TPU\pers\26083  |9 11917 
701 1 |a Чилингер  |b Л. Н.  |c геолог  |c старший преподаватель Томского политехнического университета, кандидат технических наук  |f 1993-  |g Лилия Наримановна  |3 (RuTPU)RU\TPU\pers\41758  |9 21430 
701 1 |a Бирулина  |b А. Г.  |c специалист в области инженерной геологии  |c ассистент Томского политехнического университета  |f 1996-  |g Анна Георгиевна  |3 (RuTPU)RU\TPU\pers\47371 
712 0 2 |a Национальный исследовательский Томский политехнический университет  |b Инженерная школа природных ресурсов  |b Отделение геологии  |3 (RuTPU)RU\TPU\col\23542 
801 2 |a RU  |b 63413507  |c 20221102  |g RCR 
856 4 |u https://www.elibrary.ru/item.asp?pff=1&id=44345270 
942 |c CF